Autógrafos cubanos /

Guardat en:
Dades bibliogràfiques
Autor principal: Barnet, Miguel, 1940-
Format: Desconegut
Idioma:Spanish
Publicat: Cuba : Ediciones Unión, 1990.
Matèries:
Etiquetes: Afegir etiqueta
Sense etiquetes, Sigues el primer a etiquetar aquest registre!

MARC

LEADER 000000000a22000000004500
001 001813
041 0 |a spa 
082 0 4 |a 700.972.910.904   |b B261a 
100 1 |a Barnet, Miguel,   |d 1940- 
245 1 0 |a Autógrafos cubanos /   |c Miguel Barnet. 
260 1 |a Cuba :   |b Ediciones Unión,   |c 1990. 
300 |a 151 páginas 
650 4 |a ARTE CUBANO 
650 4 |a SIGLO XX 
999 |c 8475  |d 8475 
942 |c BK  |h 700.972.910.904 B261a  |2 z